000 00474nam a2200169Ia 4500
003 GCL
008 140319s9999 xx 000 0 eng d
040 _aGCL /
_cGCL
082 0 4 _a612.001
_bB P
100 1 _aBURTON, R. F.
245 1 0 _aPHYSIOLOGY BY NUMBERS: AN ENCOUREGEMENT TO QUANTITATIVE THINKING /
_cBURTON, R. F.
260 _a[S.N] :
_bCAMBRIBGE UNIVERSITY PRESS ،
_c1994
300 _a185 P
650 0 4 _aPHYSIOLOGY
650 0 4 _aMATHEMATICS
942 _2ddc
_cBK
999 _c21225
_d21225